|
|
|
|
| LEADER |
01473nam a2200397Ia 4500 |
| 001 |
EBC269955 |
| 003 |
MiAaPQ |
| 005 |
20200520144314.0 |
| 006 |
m o d | |
| 007 |
cr cn||||||||| |
| 008 |
060112s2006 ne a sb 001 0 eng d |
| 010 |
|
|
|z 2006000795
|
| 020 |
|
|
|z 0125662513 (pbk. : alk. paper)
|
| 020 |
|
|
|z 0080455735
|
| 024 |
3 |
|
|z 9780125662512
|
| 035 |
|
|
|a (MiAaPQ)EBC269955
|
| 035 |
|
|
|a (Au-PeEL)EBL269955
|
| 035 |
|
|
|a (CaPaEBR)ebr10138281
|
| 035 |
|
|
|a (CaONFJC)MIL64148
|
| 035 |
|
|
|a (OCoLC)469388236
|
| 040 |
|
|
|a MiAaPQ
|c MiAaPQ
|d MiAaPQ
|
| 050 |
|
4 |
|a HF5415.15
|b .P79 2006
|
| 082 |
0 |
4 |
|a 658.5/03
|2 22
|
| 100 |
1 |
|
|a Pruitt, John.
|
| 245 |
1 |
4 |
|a The persona lifecycle
|h [electronic resource] :
|b keeping people in mind throughout product design /
|c John Pruitt, Tamara Adlin.
|
| 260 |
|
|
|a Amsterdam ;
|a Boston :
|b Elsevier :
|b Morgan Kaufmann Publishers, an imprint of Elsevier,
|c c2006.
|
| 300 |
|
|
|a xvii, 724 p. :
|b col. ill.
|
| 504 |
|
|
|a Includes bibliographical references and index.
|
| 533 |
|
|
|a Electronic reproduction. Ann Arbor, MI : ProQuest, 2015. Available via World Wide Web. Access may be limited to ProQuest affiliated libraries.
|
| 650 |
|
0 |
|a Product management.
|
| 650 |
|
0 |
|a New products.
|
| 650 |
|
0 |
|a Research, Industrial.
|
| 655 |
|
4 |
|a Electronic books.
|
| 700 |
1 |
|
|a Adlin, Tamara.
|
| 710 |
2 |
|
|a ProQuest (Firm)
|
| 856 |
4 |
0 |
|u https://ebookcentral.proquest.com/lib/matrademy/detail.action?docID=269955
|z Click to View
|